| 000 | 01494nam a2200325 c 4500 | ||
|---|---|---|---|
| 003 | BLK | ||
| 005 | 20230802155358.0 | ||
| 008 | 180411b bul|||||r ||||||| ||bul|| | ||
| 010 | _aKNG00191701000 | ||
| 040 | _aBLK | ||
| 041 |
_aBUL _cBUL |
||
| 080 |
_aПодемно-транспортно оборудване в цялост. Вж и 621.87; 625.08; 625.1/.5; 625.5; 629.1; 658.286.2 _b621.86 _x(075.8) _z621.86(075.8) |
||
| 100 | 1 |
_aДивизиев, Владимир Йорданов _eпърви автор _9256587 |
|
| 139 |
_aДивизиев, Владимир Йорданов _bД 53 |
||
| 245 | 1 | 0 |
_aОснови на товароподемните машини _bУчебник за студентите от ВМЕИ В. И. Ленин - София _cВладимир Йорданов Дивизиев. |
| 257 | _aBGR | ||
| 260 |
_аСофия _bТехника _c1986 _fВраца : печ. В. Александров |
||
| 300 |
_a487 с. _bс ил. _c22 см |
||
| 380 | _a62 | ||
| 500 | _a2 588 тир. - Библиогр. с. 481-482. | ||
| 650 | 4 |
_aПодемно-транспортни машини - учебници за ВУЗ _9254335 |
|
| 653 | _aподемно-транспортни машини | ||
| 653 | _aучебници за ВУЗ | ||
| 852 | _aЦб 145085 | ||
| 856 | 4 |
_qpdf _u |
|
| 856 | 4 |
_qpdf _u |
|
| 942 |
_cKNG _n0 _02 |
||
| 944 |
_aCR _c06.10.2016 _k30530 _lМинев Младен |
||
| 944 |
_aED _c06.10.2016 _kЛюдмила_Стоянова |
||
| 999 |
_c182776 _d182776 |
||